Stratégia diverzifikácie výroby: jej podstata a meranie.

Vymedzenie podstaty diverzifikácie výroby. Diverzifikácia ako jedna z rastových stratégií. Popis dvoch prístupov ku kvantifikácii stupňa diverzifikácie: 1. pomocou indexov (Herfindahlov index), 2. na základe kategorizácie podnikov podľa zvolených kritérií. Rozdiely v chápaní jednotlivých princípov d...

Descrizione completa

Salvato in:
Dettagli Bibliografici
Autore principale: Blecha, Ľubomír
Natura: Capitolo di libro
Lingua:slovacco
Soggetti:
Tags: Aggiungi Tag
Nessun Tag, puoi essere il primo ad aggiungerne!!

MARC

LEADER 00000naa a2200000 4500
001 r011588
005 20220831090101.2
041 0 |a slo 
044 |a CS 
245 1 0 |a Stratégia diverzifikácie výroby: jej podstata a meranie.  |c Ľubomír Blecha 
520 |a Vymedzenie podstaty diverzifikácie výroby. Diverzifikácia ako jedna z rastových stratégií. Popis dvoch prístupov ku kvantifikácii stupňa diverzifikácie: 1. pomocou indexov (Herfindahlov index), 2. na základe kategorizácie podnikov podľa zvolených kritérií. Rozdiely v chápaní jednotlivých princípov diverzifikácie v ČSFR a vo vyspelých krajinách. 
610 2 0 |a diverzifikácia 
610 2 0 |a stratégia podniková 
610 2 0 |a programy výrobné 
610 2 0 |a trh 
610 2 0 |a výrobky nové 
610 2 0 |a matice 
610 2 0 |a indexy 
610 2 0 |a firmy 
610 2 0 |a ČSFR 
610 2 0 |a svet 
610 2 0 |a podnik priemyselný 
610 2 0 |a klasifikácia 
610 2 0 |a SIC 
610 2 0 |a ISIC 
100 1 |a Blecha, Ľubomír